000
00201 a2200097 4500
001
26070
100
_a
Hajek, V
245
_a
Management of Engineering
260
_a
_b
Hamlyn
_c
090
_c
17632
_d
17632
942
_a
NUST-CAE
_c
M
_c
8483
999
_c
261143
_d
261143